| 000 | 00705nam a2200169 a 4500 | ||
|---|---|---|---|
| 008 | 080916s2008 ||||||||||||||||| || u | ||
| 020 | _a9780821375525 | ||
| 050 | _aIBRD(06)IEG/2008/2 | ||
| 110 | _aWorld Bank | ||
| 245 | 1 | 0 | _aDoing business: an independent evaluation: taking the measures of the World Bank-IFC doing business indicators |
| 260 |
_aWashington, D.C. _bWorld Bank _c2008 |
||
| 300 | _axxvii, 90p.: ill | ||
| 350 | _a0.00 | ||
| 650 | _aBUSINESS ENVIRONMENT--RESEARCH | ||
| 650 | 7 |
_aBUSINESS ENTERPRISES _2fast |
|
| 995 |
_D0.00 _FCBU-MAIN LIBRARY (Kitwe) _H1 _I0.00 _M1 _UAVAILABLE _WSep 17, 2008 _ZInternational Publications |
||
| 999 |
_c40429 _d40429 |
||